[Event "FRA-ch Railways-B"]
[Site "Soulac sur Mer"]
[Date "2015.05.26"]
[Round "2"]
[White "Gillet, Richard"]
[Black "Sevilla, Lionel"]
[Result "1-0"]
[WhiteElo "2021"]
[BlackElo "1737"]
[PlyCount "61"]
[EventDate "2015.05.26"]
[EventType "swiss"]
[EventRounds "7"]
[EventCountry "FRA"]
[SourceTitle "EXT 2016"]
[Source "ChessBase"]
[SourceDate "2015.10.08"]
[SourceVersion "1"]
[SourceVersionDate "2015.10.08"]
[SourceQuality "1"]

1. e4 c6 2. c4 d6 3. d4 f5 4. Nc3 fxe4 5. Nxe4 Bf5 6. Ng3 Be6 7. Nf3 Bg4 8. Be2 Nf6 9. Ng5 Bc8 10. 0-0 g6 11. d5 Bg7 12. Bf3 0-0 13. Re1 Qb6 14. Rxe7 Ng4 15. Qc2 Ne5 16. Rxg7+ Kxg7 17. Be3 c5 18. Nh5+ Kg8 19. Nf4 Bf5 20. Be4 Bxe4 21. Nxe4 Na6 22. Ne6 Rf7 23. Bg5 Nb4 24. Qc3 Qa6 25. b3 Raf8 26. Nxf8 Rxf8 27. f4 Nd7 28. Bh6 Rf7 29. Ng5 Rf6 30. Re1 Qxa2 31. Re8+ 1-0